Trestný čin – objekt kriminálno-policajného poznania

Autori v príspevku predkladajú odbornej verejnosti základnú štruktúru kriminálnej charakteristiky trestného činu, ktorá v súlade s ich názormi predstavuje významný poznávací prostriedok, ktorý príslušníci polície využívajú pri účelovej realizácii kriminálno-policajného poznania. Kriminálno-policajné...

Description complète

Enregistré dans:
Détails bibliographiques
Auteur principal: Hullová, Monika
Autres auteurs: Lisoň, Miroslav
Format: Chapitre de livre
Langue:slovaque
Sujets:
Tags: Ajouter un tag
Pas de tags, Soyez le premier à ajouter un tag!

MARC

LEADER 00000naa a2200000 4500
001 0295605
005 20250228132555.7
041 0 |a slo 
044 |a CZ 
245 1 0 |a Trestný čin – objekt kriminálno-policajného poznania  |c Monika Hullová, Miroslav Lisoň 
520 |a Autori v príspevku predkladajú odbornej verejnosti základnú štruktúru kriminálnej charakteristiky trestného činu, ktorá v súlade s ich názormi predstavuje významný poznávací prostriedok, ktorý príslušníci polície využívajú pri účelovej realizácii kriminálno-policajného poznania. Kriminálno-policajné poznanie je elementárnou súčasťou policajného konania. V súlade s platnou legislatívnou úpravou predstavuje systémovú realizáciu spravodajskej činnosti, operatívno-pátracej činnosti a vyšetrovania pri poznávaní trestných činov. 
610 2 0 |a činy trestné 
610 2 0 |a kriminalita 
610 2 0 |a polícia 
610 2 0 |a zložky bezpečnostné 
610 2 0 |a právo trestné 
610 2 0 |a pojmy 
100 1 |a Hullová, Monika 
700 1 |a Lisoň, Miroslav